[Event "GRENKE Chess Open 2018"]
[Site "Karlsruhe GER"]
[Date "2018.04.02"]
[Round "8.9"]
[White "Kevlishvili, Robby"]
[Black "Van Wely, Loek"]
[Result "1/2-1/2"]
[WhiteTitle "IM"]
[BlackTitle "GM"]
[WhiteElo "2472"]
[BlackElo "2667"]
[WhiteFideId "1040634"]
[BlackFideId "1000268"]
[EventDate "2018.03.29"]

1. e4 c5 2. Nf3 e6 3. d4 cxd4 4. Nxd4 a6 5. c4 Nf6 6. Nc3 d6 7. g4 Nc6 8. g5 Nd7
9. Be3 Be7 10. Rg1 O-O 11. Be2 Re8 12. h4 g6 13. Qd2 Qa5 14. h5 Nc5 15. Rb1 Rb8
16. Nc2 Nb4 17. a3 Nxc2+ 18. Qxc2 Qc7 19. b4 Nd7 20. Rc1 Nb6 21. Qd3 Bf8 22. Rh1
Bg7 23. Bf4 Bxc3+ 24. Qxc3 e5 25. Be3 Be6 26. hxg6 fxg6 27. c5 dxc5 28. bxc5 Nd7
29. Bc4 Qc6 30. Bxe6+ Qxe6 31. Rd1 Re7 32. Qb4 Rf8 33. Rd6 Qf7 34. Rh3 Nb8 35.
Rf6 Qa2 36. c6 Rff7 37. c7 Rxc7 38. Qd6 Qb1+ 39. Ke2 Qb5+ 40. Kf3 Qd7 41. Kg3
Qxd6 42. Rxd6 Nc6 43. Rh1 Na5 44. Rd3 Nc4 45. Bc1 Rfd7 46. Rhd1 Rxd3+ 47. Rxd3
Kf7 48. f3 Ke6 49. Kf2 Nd6 50. Be3 Rc2+ 51. Kg3 Nc4 52. Bc5 b6 53. Bf2 Ra2 54.
Rc3 b5 55. Bc5 a5 56. Bf8 a4 57. Rd3 Rb2 58. Bc5 Rb3 59. Rd8 Nxa3 60. Rd6+ Kf7
61. Rd7+ Ke8 62. Re7+ Kd8 63. Rxe5 Nc4 64. Re7 a3 65. Rxh7 b4 66. Ra7 Kc8 67.
Kf4 Nb2 68. Bd6 Nd3+ 69. Kg3 Ne1 70. Bxb4 1/2-1/2

[Event "GRENKE Chess Open 2018"]
[Site "Karlsruhe GER"]
[Date "2018.04.02"]
[Round "8.10"]
[White "Fridman, Daniel"]
[Black "Nasuta, Grzegorz"]
[Result "1/2-1/2"]
[WhiteTitle "GM"]
[BlackTitle "IM"]
[WhiteElo "2637"]
[BlackElo "2459"]
[WhiteFideId "11600454"]
[BlackFideId "1141686"]
[EventDate "2018.03.29"]

1. Nf3 c5 2. e3 Nf6 3. d4 d5 4. c4 cxd4 5. exd4 Nc6 6. Nc3 g6 7. cxd5 Nxd5 8.
Qb3 e6 9. Bb5 Bg7 10. O-O O-O 11. Bxc6 bxc6 12. Na4 Ba6 13. Re1 Nb6 14. Nc5 Bc4
15. Qc3 Bd5 16. Ne5 Nc8 17. Qh3 Re8 18. Bh6 Bh8 19. Rad1 Nd6 20. b3 Nf5 21. Bc1
Bg7 22. Bb2 Qa5 23. Bc3 Qc7 24. g4 Nd6 25. Qg3 Rac8 26. a4 f6 27. Ned3 Nf7 28.
Qxc7 Rxc7 29. Re3 e5 30. dxe5 fxe5 31. f4 Rce7 32. fxe5 Nxe5 33. Nxe5 Bxe5 34.
Rxe5 Rxe5 35. Bxe5 Rxe5 36. Kf2 Re7 37. Rd4 Rf7+ 38. Ke2 g5 39. Rb4 a5 40. Rb8+
Kg7 41. b4 axb4 42. Rxb4 Rf3 43. a5 Rc3 44. Na4 Ra3 45. a6 c5 46. Nxc5 Ra5 47.
Ne4 1/2-1/2

[Event "GRENKE Chess Open 2018"]
[Site "Karlsruhe GER"]
[Date "2018.04.02"]
[Round "8.11"]
[White "Fedorovsky, Michael"]
[Black "Kozul, Zdenko"]
[Result "1/2-1/2"]
[WhiteTitle "IM"]
[BlackTitle "GM"]
[WhiteElo "2471"]
[BlackElo "2617"]
[WhiteFideId "14105454"]
[BlackFideId "14502879"]
[EventDate "2018.03.29"]

1. d4 Nf6 2. c4 g6 3. Nc3 Bg7 4. e4 d6 5. Be2 O-O 6. Be3 c6 7. g4 d5 8. cxd5
cxd5 9. e5 Ne4 10. f3 Nxc3 11. bxc3 f6 12. f4 fxe5 13. fxe5 Nc6 14. h3 Na5 15.
Nf3 Nc4 16. Bg5 Be6 17. O-O Rc8 18. Qd3 b5 19. Nh4 Qe8 20. Rxf8+ Bxf8 21. Ng2
Bf7 22. Rf1 a6 23. Bc1 Rc7 24. Nf4 e6 25. g5 Nb6 26. Bd2 Na4 27. Bg4 Ba3 28. c4
Bb2 29. cxd5 exd5 30. e6 1/2-1/2

[Event "GRENKE Chess Open 2018"]
[Site "Karlsruhe GER"]
[Date "2018.04.02"]
[Round "8.12"]
[White "Pavlovic, Milos"]
[Black "Landa, Konstantin"]
[Result "0-1"]
[WhiteTitle "GM"]
[BlackTitle "GM"]
[WhiteElo "2466"]
[BlackElo "2613"]
[WhiteFideId "900389"]
[BlackFideId "4101685"]
[EventDate "2018.03.29"]

1. d4 Nf6 2. Nf3 b6 3. c4 Bb7 4. Nc3 e6 5. e3 d5 6. cxd5 exd5 7. Bb5+ c6 8. Bd3
Be7 9. O-O O-O 10. b3 Nbd7 11. Bb2 Bd6 12. Re1 Re8 13. Qc2 Rc8 14. Rad1 Rc7 15.
Nd2 Nf8 16. e4 dxe4 17. Ndxe4 Nxe4 18. Rxe4 Rce7 19. Rxe7 Qxe7 20. Bf1 Nd7 21.
g3 Nf6 22. Bg2 h6 23. h3 Bb4 24. Bf3 Qd7 25. Kh2 h5 26. Ne2 h4 27. gxh4 Bd6+ 28.
Ng3 Nd5 29. Bc1 Bc8 30. Bg4 f5 31. Bh5 f4 32. Ne4 Qxh3+ 33. Kg1 f3 34. Bxf3 Qxf3
35. Nxd6 Bh3 36. Qg6 Qxd1+ 37. Kh2 Rf8 0-1

[Event "GRENKE Chess Open 2018"]
[Site "Karlsruhe GER"]
[Date "2018.04.02"]
[Round "8.13"]
[White "Basso, Pier Luigi"]
[Black "Sumets, Andrey"]
[Result "1/2-1/2"]
[WhiteTitle "IM"]
[BlackTitle "GM"]
[WhiteElo "2459"]
[BlackElo "2590"]
[WhiteFideId "866970"]
[BlackFideId "14105500"]
[EventDate "2018.03.29"]

1. d4 Nf6 2. c4 e6 3. Nf3 b6 4. g3 c6 5. Bg2 d5 6. cxd5 cxd5 7. Nc3 Bb7 8. Bf4
Nc6 9. Ne5 Bb4 10. O-O Nxe5 11. Bxe5 O-O 12. Rc1 1/2-1/2

[Event "GRENKE Chess Open 2018"]
[Site "Karlsruhe GER"]
[Date "2018.04.02"]
[Round "8.14"]
[White "Bernadskiy, Vitaliy"]
[Black "Vogel, Roven"]
[Result "1/2-1/2"]
[WhiteTitle "GM"]
[BlackTitle "IM"]
[WhiteElo "2588"]
[BlackElo "2438"]
[WhiteFideId "14100371"]
[BlackFideId "12908088"]
[EventDate "2018.03.29"]

1. e4 c6 2. d4 d5 3. e5 Bf5 4. Nf3 e6 5. Be2 c5 6. O-O Nc6 7. c3 Qb6 8. dxc5
Bxc5 9. b4 Be7 10. a4 Nh6 11. Bf4 Bg6 12. a5 Qc7 13. a6 bxa6 14. Rxa6 O-O 15.
Na3 Qb7 16. Qd2 Nf5 17. Nc2 Bd8 18. Rfa1 Bb6 19. R6a3 Rad8 20. b5 Nb8 21. g4 Ne7
22. Nfd4 Bxc2 23. Qxc2 Ng6 24. Bg3 Rc8 25. Qd2 Qe7 26. g5 Rc5 27. Kg2 Rfc8 28.
f4 Qc7 29. Rc1 Ne7 30. Bd3 g6 31. Bf2 Qb7 32. h4 R5c7 33. h5 Nd7 34. hxg6 Nxg6
35. Bxg6 hxg6 36. Rh1 Bc5 37. Raa1 Bxd4 38. Qxd4 Qxb5 39. Rh3 Qe2 40. Rah1 Nf8
41. Qb4 Kg7 42. Rh8 Qg4+ 1/2-1/2

[Event "GRENKE Chess Open 2018"]
[Site "Karlsruhe GER"]
[Date "2018.04.02"]
[Round "8.15"]
[White "Sadzikowski, Daniel"]
[Black "Firat, Burak"]
[Result "1/2-1/2"]
[WhiteTitle "GM"]
[BlackTitle "GM"]
[WhiteElo "2583"]
[BlackElo "2453"]
[WhiteFideId "1132253"]
[BlackFideId "6305881"]
[EventDate "2018.03.29"]

1. e4 e6 2. d4 d5 3. Nc3 Bb4 4. e5 c5 5. a3 Bxc3+ 6. bxc3 Qa5 7. Bd2 Qa4 8. Qg4
Kf8 9. Qd1 b6 10. dxc5 bxc5 11. c4 Ne7 12. cxd5 exd5 13. Nf3 h6 14. Rb1 Be6 15.
Bb5 Qe4+ 16. Be2 Nd7 17. O-O Nxe5 18. Nxe5 Qxe5 19. Bf3 Rd8 20. c3 Kg8 21. Qa4
Ng6 22. Bd1 Kh7 23. Re1 Qf6 24. Qxa7 c4 25. Bc2 Ra8 26. Qc5 Rhc8 27. Qd6 Rd8 28.
Qf4 Qxf4 29. Bxf4 Rxa3 30. Be5 h5 31. Bd4 Kh6 32. Be3+ Kh7 33. Bd4 Kh6 34. Be3+
Kh7 35. Rbc1 Kg8 36. Bxg6 fxg6 37. Bd4 Bf5 38. Re7 Rd7 39. Re8+ Kf7 40. Rb8 Rb3
41. Ra8 g5 42. h3 1/2-1/2

[Event "GRENKE Chess Open 2018"]
[Site "Karlsruhe GER"]
[Date "2018.04.02"]
[Round "8.16"]
[White "Vrolijk, Liam"]
[Black "Heimann, Andreas"]
[Result "0-1"]
[WhiteTitle "FM"]
[BlackTitle "GM"]
[WhiteElo "2433"]
[BlackElo "2574"]
[WhiteFideId "1048333"]
[BlackFideId "24624632"]
[EventDate "2018.03.29"]

1. d4 Nf6 2. Nf3 g6 3. e3 Bg7 4. Be2 O-O 5. O-O d6 6. c4 Nc6 7. d5 Nb4 8. Nc3 e6
9. e4 Re8 10. a3 Na6 11. Be3 exd5 12. exd5 Nc5 13. Bd4 a5 14. b3 Bd7 15. Nd2
Nfe4 16. Ndxe4 Nxe4 17. Nxe4 Rxe4 18. Bxg7 Kxg7 19. Bf3 Re8 20. Qd2 Qf6 21. Rac1
b6 22. b4 axb4 23. axb4 Ra3 24. c5 Bb5 25. Rfd1 Rd3 26. Qc2 Rxf3 27. gxf3 Be2
28. Qd2 Bxd1 29. Qxd1 Qf4 30. cxb6 cxb6 0-1

[Event "GRENKE Chess Open 2018"]
[Site "Karlsruhe GER"]
[Date "2018.04.02"]
[Round "8.17"]
[White "Nitin, S."]
[Black "Antal, Gergely"]
[Result "0-1"]
[WhiteTitle "IM"]
[BlackTitle "GM"]
[WhiteElo "2414"]
[BlackElo "2540"]
[WhiteFideId "5018277"]
[BlackFideId "717312"]
[EventDate "2018.03.29"]

1. e4 c5 2. Nf3 e6 3. d4 cxd4 4. Nxd4 Nc6 5. Nc3 Qc7 6. Be3 a6 7. Qf3 Ne5 8. Qg3
h5 9. Nf5 f6 10. Nxg7+ Kf7 11. Nxh5 Rxh5 12. f4 Nc4 13. Bxc4 Qxc4 14. O-O-O b5
15. f5 exf5 16. Qf3 Rh4 17. Rd4 Qc6 18. Qg3 Rg4 19. Qh3 Qe6 20. Nd5 Qe5 21. Qh5+
Kg7 22. Rf1 d6 23. Nc7 Bd7 24. Nxa8 f4 25. Qh3 fxe3 26. Qxe3 Qc5 27. Qd2 Be6 28.
Rf3 Kf7 29. Kb1 Qc6 30. h3 Rg6 31. e5 Qxa8 32. exd6 Qxf3 33. gxf3 Rg1+ 34. Qd1
Rxd1+ 35. Rxd1 Ke8 36. a4 Kd7 0-1

[Event "GRENKE Chess Open 2018"]
[Site "Karlsruhe GER"]
[Date "2018.04.02"]
[Round "8.18"]
[White "Sinz, Bernhard"]
[Black "Malakhatko, Vadim"]
[Result "0-1"]
[WhiteTitle "FM"]
[BlackTitle "GM"]
[WhiteElo "2386"]
[BlackElo "2536"]
[WhiteFideId "4618807"]
[BlackFideId "14104202"]
[EventDate "2018.03.29"]

1. e4 e6 2. d4 d5 3. Nc3 Bb4 4. e5 b6 5. a3 Bxc3+ 6. bxc3 Qd7 7. Qg4 f5 8. Qg3
Nc6 9. Bb5 Bb7 10. Ne2 O-O-O 11. O-O Qf7 12. a4 Na5 13. Bd3 Ne7 14. f4 h6 15.
Ba3 Nec6 16. Nc1 Rdg8 17. Bb4 Nc4 18. a5 g5 19. axb6 cxb6 20. Rf2 Qd7 21. Bf1
gxf4 22. Qh3 a5 23. Ba3 Na7 24. Nb3 Ne3 25. Bc1 Nxf1 26. Rxf1 Ba6 27. Rxf4 h5
28. Rf2 Rg4 29. Bf4 h4 30. Nd2 Qc6 31. Qf3 Kb7 32. h3 Rg7 33. Nb1 Nb5 34. Kh2
Ka7 35. Rf1 Rc8 36. Bd2 Rg3 37. Qf4 Rcg8 38. Rg1 Qc4 39. Qf2 Qc7 40. Be1 Qg7 41.
Qd2 f4 42. Bxg3 Qxg3+ 43. Kh1 f3 0-1

[Event "GRENKE Chess Open 2018"]
[Site "Karlsruhe GER"]
[Date "2018.04.02"]
[Round "8.19"]
[White "Burmakin, Vladimir"]
[Black "Martin, Julian"]
[Result "1/2-1/2"]
[WhiteTitle "GM"]
[BlackTitle "FM"]
[WhiteElo "2522"]
[BlackElo "2412"]
[WhiteFideId "4105109"]
[BlackFideId "12941000"]
[EventDate "2018.03.29"]

1. Nf3 Nf6 2. c4 e6 3. g3 d5 4. Bg2 dxc4 5. Qa4+ c6 6. Qxc4 b5 7. Qc2 Bb7 8. a4
a6 9. O-O Nbd7 10. d3 Be7 11. Nc3 Rc8 12. Nd2 Qb6 13. Nde4 Nxe4 14. Nxe4 c5 15.
Be3 f5 16. Nc3 Bxg2 17. Kxg2 O-O 18. axb5 axb5 19. Qb3 b4 20. Nb1 Ra8 21. Nd2
Kf7 22. f3 Qc6 23. Bf2 Rxa1 24. Rxa1 Ra8 25. Rxa8 Qxa8 26. e4 fxe4 27. dxe4 g5
28. Nc4 Qb8 29. f4 gxf4 30. Qf3 Nf6 31. gxf4 Qa8 32. e5 Nd5 33. Kh3 Qa1 34. Nd6+
Bxd6 35. Qh5+ Kg7 36. Qg5+ Kf7 37. Qh5+ Kg7 38. Qg5+ Kf7 1/2-1/2

[Event "GRENKE Chess Open 2018"]
[Site "Karlsruhe GER"]
[Date "2018.04.02"]
[Round "8.20"]
[White "Schlosser, Philipp"]
[Black "Baenziger, Fabian"]
[Result "0-1"]
[WhiteTitle "GM"]
[BlackTitle "FM"]
[WhiteElo "2510"]
[BlackElo "2356"]
[WhiteFideId "4600169"]
[BlackFideId "1330110"]
[EventDate "2018.03.29"]

1. c4 Nf6 2. Nc3 d6 3. d4 g6 4. e4 Bg7 5. Nf3 O-O 6. h3 e5 7. d5 a5 8. Be3 Na6
9. g4 Nc5 10. Nd2 c6 11. Be2 Bd7 12. g5 Ne8 13. h4 cxd5 14. exd5 f5 15. gxf6
Nxf6 16. h5 Bf5 17. hxg6 Bxg6 18. Rg1 Qd7 19. Nf3 Ng4 20. Bxc5 dxc5 21. d6 Rae8
22. Qd5+ Kh8 23. Qxc5 Nxf2 24. Rxg6 e4 25. Rxg7 Qxg7 26. d7 Rd8 27. Qxf2 exf3
28. Bxf3 Rxd7 29. Rd1 Re7+ 30. Kf1 Ref7 31. Rd3 Qe5 32. b3 Rf6 33. Ne2 Qf5 0-1

[Event "GRENKE Chess Open 2018"]
[Site "Karlsruhe GER"]
[Date "2018.04.02"]
[Round "8.21"]
[White "Van Kerkhof, David"]
[Black "Ider, Borya"]
[Result "0-1"]
[WhiteTitle "FM"]
[BlackTitle "IM"]
[WhiteElo "2334"]
[BlackElo "2505"]
[WhiteFideId "1012827"]
[BlackFideId "4901134"]
[EventDate "2018.03.29"]

1. e4 e6 2. d4 d5 3. Nc3 Nf6 4. e5 Ne4 5. Nxe4 dxe4 6. Be3 c5 7. dxc5 Nd7 8. Qg4
Qa5+ 9. c3 Nxc5 10. Bxc5 Bxc5 11. Qxg7 Rf8 12. Qxh7 e3 13. fxe3 Bxe3 14. Qe4 Qb6
15. Bb5+ Qxb5 16. Qxe3 Qxb2 17. Rd1 Qxg2 18. Qd4 Qd5 19. Qxd5 exd5 20. Ne2 Bd7
21. Nf4 O-O-O 22. Kf2 Bc6 23. Rhg1 Rh8 24. h3 Rde8 25. Rde1 Bd7 26. Re3 Be6 27.
Rh1 Rh4 28. Kg3 Rh6 29. h4 Bd7 30. h5 Ra6 31. h6 Rg8+ 32. Kf2 Rxa2+ 33. Re2 Ra4
34. Nxd5 Rh8 35. Nf6 Bc6 36. Rh2 Rf4+ 37. Ke1 Bb5 38. Re3 Rd8 39. c4 Bxc4 40.
Rf2 Rh4 41. Rff3 Rxh6 42. Ne4 Rh1+ 43. Kf2 Rf1+ 44. Kg3 Rxf3+ 45. Rxf3 Bd5 46.
Rc3+ Kd7 47. Kf4 Bxe4 48. Kxe4 Rc8 49. Rf3 Ke7 50. Rb3 b6 51. Ra3 Rc7 52. Kd5 a5
53. Rb3 a4 54. Rxb6 Ra7 55. Rb2 a3 56. Ra2 Ra4 57. Kc5 Ke6 0-1

[Event "GRENKE Chess Open 2018"]
[Site "Karlsruhe GER"]
[Date "2018.04.02"]
[Round "8.22"]
[White "Lobron, Eric"]
[Black "Vijayalakshmi, Subbaraman"]
[Result "1-0"]
[WhiteTitle "GM"]
[BlackTitle "IM"]
[WhiteElo "2503"]
[BlackElo "2345"]
[WhiteFideId "4600037"]
[BlackFideId "5004098"]
[EventDate "2018.03.29"]

1. c4 g6 2. Nc3 Bg7 3. d4 d6 4. Nf3 Nc6 5. d5 Ne5 6. Nxe5 Bxe5 7. e4 c5 8. Bd3
Nf6 9. f4 Bd4 10. Nb5 e5 11. Nxd4 exd4 12. O-O O-O 13. e5 Ng4 14. e6 Qh4 15. h3
Ne3 16. Bxe3 dxe3 17. f5 gxf5 18. Rxf5 Bxe6 19. dxe6 fxe6 20. Qh5 Qxh5 21. Rxh5
b5 22. b3 bxc4 23. bxc4 d5 24. cxd5 exd5 25. Rxd5 Rad8 26. Bc4 Rxd5 27. Bxd5+
Kg7 28. Rc1 Rf5 29. Bf3 Kf6 30. Kf1 h5 31. Ke2 Re5 32. Rc3 h4 33. Rc4 Kg5 34.
Rg4+ 1-0

[Event "GRENKE Chess Open 2018"]
[Site "Karlsruhe GER"]
[Date "2018.04.02"]
[Round "8.23"]
[White "Kasimdzhanov, Rustam"]
[Black "Harff, Marcel"]
[Result "1-0"]
[WhiteTitle "GM"]
[BlackTitle "FM"]
[WhiteElo "2676"]
[BlackElo "2398"]
[WhiteFideId "14200244"]
[BlackFideId "24621382"]
[EventDate "2018.03.29"]

1. e4 e6 2. d4 d5 3. Nd2 Be7 4. Ngf3 Nf6 5. e5 Nfd7 6. Bd3 c5 7. c3 Nc6 8. O-O
cxd4 9. cxd4 O-O 10. Re1 Re8 11. Nf1 f6 12. exf6 Bxf6 13. Be3 e5 14. Qb3 Kh8 15.
dxe5 Ndxe5 16. Nxe5 Bxe5 17. Rac1 Rb8 18. h3 Be6 19. Bxa7 d4 20. Qb5 Ra8 21. Bb6
Qb8 22. a3 Bg8 23. Be4 Bf6 24. Ng3 Re5 25. Qd3 Ra6 26. Rxc6 1-0

[Event "GRENKE Chess Open 2018"]
[Site "Karlsruhe GER"]
[Date "2018.04.02"]
[Round "8.24"]
[White "Banusz, Tamas"]
[Black "Tomczak, Mikolaj"]
[Result "1/2-1/2"]
[WhiteTitle "GM"]
[BlackTitle "FM"]
[WhiteElo "2618"]
[BlackElo "2394"]
[WhiteFideId "722413"]
[BlackFideId "1175114"]
[EventDate "2018.03.29"]

1. Nf3 Nf6 2. g3 d5 3. Bg2 c6 4. c4 g6 5. b3 Bg7 6. Bb2 O-O 7. O-O Bg4 8. d3
Bxf3 9. Bxf3 Nbd7 10. d4 Ne4 11. Nc3 Nxc3 12. Bxc3 Nb6 13. cxd5 cxd5 14. Qd3 e6
15. a4 Nc8 16. Rac1 Ne7 17. Qb5 Nf5 18. e3 Nd6 19. Qc5 b6 20. Qa3 a5 21. b4 Qd7
22. b5 Rfc8 23. Rc2 Rc7 24. Rfc1 Rac8 25. Qb3 Bf8 26. Be2 f5 27. Kg2 Kf7 28. g4
fxg4 29. Bxg4 Ne4 30. Be1 Rxc2 31. Rxc2 Rc7 32. f3 Nf6 33. Bh3 Qc8 34. Re2 Nh5
35. Bg4 Nf6 36. e4 Nxg4 37. fxg4 dxe4 38. Rxe4 Rc2+ 39. Kh3 Qc4 40. Qf3+ Kg8 41.
Re3 Bd6 42. Bg3 Bxg3 43. hxg3 Qd5 44. Qxd5 exd5 45. Re5 Rc4 46. Rxd5 Rxa4 47.
Rd6 Rb4 48. Rxb6 Rxd4 49. Ra6 a4 50. Ra8+ Kg7 51. Ra7+ Kh6 1/2-1/2

[Event "GRENKE Chess Open 2018"]
[Site "Karlsruhe GER"]
[Date "2018.04.02"]
[Round "8.25"]
[White "Malek, Daniel"]
[Black "Buhmann, Rainer"]
[Result "0-1"]
[WhiteTitle "FM"]
[BlackTitle "GM"]
[WhiteElo "2403"]
[BlackElo "2588"]
[WhiteFideId "4661940"]
[BlackFideId "4651340"]
[EventDate "2018.03.29"]

1. d4 e6 2. c4 Nf6 3. Nc3 Bb4 4. e3 d5 5. Qa4+ Nc6 6. Nf3 O-O 7. Qc2 b6 8. a3
Bxc3+ 9. Qxc3 Bb7 10. b4 a5 11. b5 Ne7 12. c5 c6 13. a4 Ne4 14. Qc2 Ng6 15. Bd3
e5 16. O-O bxc5 17. dxc5 f5 18. Ba3 Rc8 19. Rab1 Rf7 20. b6 Ra8 21. Rfc1 Kh8 22.
Qe2 Qf6 23. g3 Re8 24. Ba6 Bxa6 25. Qxa6 f4 26. exf4 Nxf4 27. Rb3 Nh3+ 28. Kg2
Nd2 29. Nxd2 Qxf2+ 30. Kxh3 Rf6 31. Nf3 Rh6+ 32. Nh4 g5 33. Rf1 g4+ 34. Kxg4
Rg8+ 35. Kh3 Rxh4+ 0-1

[Event "GRENKE Chess Open 2018"]
[Site "Karlsruhe GER"]
[Date "2018.04.02"]
[Round "8.26"]
[White "Pfreundt, Jakob"]
[Black "Heberla, Bartlomiej"]
[Result "0-1"]
[BlackTitle "GM"]
[WhiteElo "2394"]
[BlackElo "2570"]
[WhiteFideId "12918156"]
[BlackFideId "1115120"]
[EventDate "2018.03.29"]

1. d4 Nf6 2. Nf3 c5 3. d5 d6 4. Nc3 e5 5. e4 Be7 6. Bb5+ Nbd7 7. a4 O-O 8. O-O
Ne8 9. a5 a6 10. Be2 g6 11. Nd2 f5 12. Nc4 f4 13. Bg4 Ng7 14. f3 h5 15. Bxd7
Bxd7 16. Nb6 Rb8 17. Nxd7 Qxd7 18. Qe2 Ne8 19. Bd2 Nc7 20. Na4 Nb5 21. Nb6 Qe8
22. b4 cxb4 23. Bxb4 g5 24. Kh1 Rf7 25. c3 Rg7 26. Rad1 Qg6 27. Rd3 Kh8 28. Rfd1
g4 29. Nc4 Rbg8 30. Rg1 Bd8 31. Nd2 b6 32. Nc4 bxa5 33. Bxa5 Bc7 34. Bb6 Na3 35.
Nxe5 dxe5 36. Bxc7 Rxc7 37. d6 Rd7 38. Rd5 gxf3 39. Qxf3 Nc4 40. Qe2 Ne3 41.
Rxe5 Ng4 42. Rf5 Re8 43. Qf3 Rxe4 44. Rxf4 Rxf4 45. Qxf4 Qxd6 46. Qxd6 Nf2# 0-1

[Event "GRENKE Chess Open 2018"]
[Site "Karlsruhe GER"]
[Date "2018.04.02"]
[Round "8.27"]
[White "Horton, Andrew P"]
[Black "David, Alberto"]
[Result "0-1"]
[WhiteTitle "FM"]
[BlackTitle "GM"]
[WhiteElo "2393"]
[BlackElo "2566"]
[WhiteFideId "424269"]
[BlackFideId "4000013"]
[EventDate "2018.03.29"]

1. Nf3 Nc6 2. d4 d5 3. Bf4 f6 4. c4 dxc4 5. d5 e5 6. Bc1 Nce7 7. e4 Ng6 8. Bxc4
a6 9. Nc3 Bd6 10. h4 b5 11. Bd3 N8e7 12. h5 Nf4 13. Bxf4 exf4 14. Qc2 Bg4 15. e5
fxe5 16. Bxh7 Qd7 17. Bg6+ Kf8 18. Bd3 Nf5 19. O-O-O Nd4 20. Nxd4 Bxd1 21. Ne6+
Qxe6 22. Qxd1 Qd7 23. g4 fxg3 24. fxg3 Kg8 25. Be2 Rh6 26. Bg4 Qe7 27. Be6+ Kh8
28. Ne4 Rf8 29. Qg4 Bc5 30. Qe2 Bd4 31. g4 Rf4 32. Kb1 Qb4 33. Bf5 Bxb2 34. a3
Bxa3+ 35. Ka2 Qa4 36. Nc3 Qa5 37. Kb3 Bd6 38. Ne4 Qa3+ 39. Kc2 Qa2+ 40. Kd3 Qc4+
41. Kd2 Bb4+ 42. Kd1 Qxd5+ 0-1

[Event "GRENKE Chess Open 2018"]
[Site "Karlsruhe GER"]
[Date "2018.04.02"]
[Round "8.28"]
[White "Mikhalevski, Victor"]
[Black "Schmidek, Emil"]
[Result "1-0"]
[WhiteTitle "GM"]
[BlackTitle "FM"]
[WhiteElo "2557"]
[BlackElo "2389"]
[WhiteFideId "2801914"]
[BlackFideId "12908150"]
[EventDate "2018.03.29"]

1. Nf3 Nf6 2. c4 g6 3. Nc3 d5 4. cxd5 Nxd5 5. Qb3 Nb6 6. d4 Bg7 7. Bf4 Be6 8.
Qa3 Nc6 9. e3 O-O 10. Be2 a5 11. Qc5 Nd7 12. Qg5 Nb4 13. O-O h6 14. Qg3 c6 15.
Bc7 Qc8 16. e4 Nf6 17. h3 b5 18. Be5 Rd8 19. Rfd1 Na6 20. d5 cxd5 21. exd5 Bd7
22. d6 exd6 23. Bxf6 Bxf6 24. Nd5 Kg7 25. Rac1 Qb7 26. Nxf6 Kxf6 27. Rxd6+ Kg7
28. Rcd1 Qc7 29. Qe5+ Kg8 30. Qf6 Nc5 31. Ne5 Rf8 32. Nxg6 fxg6 33. Qxg6+ Kh8
34. Qxh6+ Kg8 35. Qg5+ 1-0

[Event "GRENKE Chess Open 2018"]
[Site "Karlsruhe GER"]
[Date "2018.04.02"]
[Round "8.29"]
[White "Danin, Alexandre"]
[Black "Engel, Luis"]
[Result "1/2-1/2"]
[WhiteTitle "GM"]
[WhiteElo "2540"]
[BlackElo "2389"]
[WhiteFideId "4144031"]
[BlackFideId "12961523"]
[EventDate "2018.03.29"]

1. e4 c5 2. Nf3 d6 3. d4 Nf6 4. Nc3 cxd4 5. Nxd4 a6 6. Bc4 e6 7. Bb3 Nbd7 8. f4
Nc5 9. Qf3 Qc7 10. f5 Be7 11. Be3 O-O 12. g4 d5 13. exd5 Nxb3 14. axb3 Nxd5 15.
Nxd5 Bh4+ 16. Kd2 exd5 17. g5 Re8 18. Rag1 Re4 19. Rg4 Qe5 20. Rxe4 Qxe4 21. Rg1
f6 22. g6 hxg6 23. Qxe4 dxe4 24. Rxg6 Kf8 25. Ke2 a5 26. Rg4 g5 27. Rxe4 Kf7 28.
Bf2 Bxf2 29. Kxf2 a4 30. bxa4 Rxa4 31. h4 Ra5 32. hxg5 fxg5 33. Kg3 Bxf5 34.
Nxf5 Rxf5 35. Kg4 Rc5 36. c3 Kf6 37. Rd4 b5 38. Rd6+ Ke5 39. Rd4 Kf6 40. Rd6+
Ke5 41. Rd4 1/2-1/2

[Event "GRENKE Chess Open 2018"]
[Site "Karlsruhe GER"]
[Date "2018.04.02"]
[Round "8.30"]
[White "Kuljasevic, Davorin"]
[Black "Parvanyan, Ashot"]
[Result "1/2-1/2"]
[WhiteTitle "GM"]
[BlackTitle "FM"]
[WhiteElo "2538"]
[BlackElo "2379"]
[WhiteFideId "14506661"]
[BlackFideId "13307550"]
[EventDate "2018.03.29"]

1. d4 Nf6 2. c4 g6 3. Nf3 Bg7 4. g3 O-O 5. Bg2 d6 6. Nc3 c5 7. O-O Nc6 8. d5 Na5
9. Nd2 a6 10. Rb1 Rb8 11. Qc2 b5 12. b3 h5 13. Bb2 Bf5 14. e4 Bd7 15. Ne2 e5 16.
h3 Nh7 17. f4 Re8 18. Bc3 Nb7 19. Kh2 b4 20. Bb2 a5 21. a4 Qe7 22. Rbe1 Rf8 23.
Nc1 Nd8 24. Nd3 Be8 25. Nf3 f6 26. Nh4 g5 27. Nf5 Qd7 28. fxe5 fxe5 29. Rf2 Bg6
30. Ref1 Nf7 31. Qe2 Rbe8 32. Bc1 Nh6 33. g4 h4 34. Be3 Rc8 35. Kh1 Nf7 36. Qd2
Qd8 37. Ne1 Bf6 38. Bf3 Kh8 39. Be2 Kg8 40. Bd3 Kh8 41. Qe2 Kg8 42. Kg1 Kh8 43.
Rg2 Kg8 44. Rgf2 Kh8 45. Bc2 Kg8 46. Nd3 Kh8 47. Rg2 Kg8 48. Rf3 Kh8 49. Kf1 Kg8
50. Ke1 Kh8 51. Kd1 Kg8 52. Kc1 Kh8 53. Qf2 Be7 54. Rg1 Kg8 55. Kb1 Kh8 56. Rf1
Kg8 57. Bc1 Kh8 58. Ne1 Kg8 59. Ng2 Kh8 60. Be3 Kg8 61. Qe1 Bf6 62. Bf2 Kh8 63.
Qe2 Kg8 64. Be1 Be7 65. R1f2 Kh8 66. Qf1 Kg8 67. Bd2 Kh8 68. Nxe7 Qxe7 69. Ne3
Kg8 70. Nf5 Qd8 71. Be3 Qd7 72. Qc1 Qd8 1/2-1/2

[Event "GRENKE Chess Open 2018"]
[Site "Karlsruhe GER"]
[Date "2018.04.02"]
[Round "8.31"]
[White "Kollars, Dmitrij"]
[Black "Ondersteijn, Niels"]
[Result "1-0"]
[WhiteTitle "GM"]
[BlackTitle "FM"]
[WhiteElo "2534"]
[BlackElo "2376"]
[WhiteFideId "12909572"]
[BlackFideId "1011162"]
[EventDate "2018.03.29"]

1. e4 e5 2. Nf3 d6 3. d4 exd4 4. Nxd4 g6 5. Nc3 Bg7 6. Be3 Nf6 7. Qd2 O-O 8.
O-O-O Nc6 9. f3 Nxd4 10. Bxd4 Be6 11. Kb1 c5 12. Be3 Qa5 13. Nd5 Qa4 14. Nc3 Qa5
15. h4 Rfd8 16. Bg5 Rd7 17. Bxf6 Bxf6 18. Nd5 Qxd2 19. Nxf6+ Kg7 20. Nh5+ gxh5
21. Rxd2 d5 22. Bb5 Rd6 23. f4 d4 24. f5 Bd7 25. e5 Bxb5 26. exd6 Rd8 27. f6+
Kxf6 28. Rf2+ Kg6 29. Re1 Rxd6 30. Re5 d3 31. Kc1 dxc2 32. Rxc5 Bc6 33. Rfxc2 f5
34. g3 Rf6 35. Rd2 Be4 36. Rd4 Re6 37. Rc8 Bc6 38. Rf8 Be4 39. Rfd8 f4 40. gxf4
Kf5 41. Rf8+ Kg4 42. f5 Rc6+ 43. Kd1 Kf3 44. f6 Bg6 45. Rd7 Ke3 46. f7 Be4 47.
Re8 1-0